Logique - Mort Subite #33.01 - Statistiques

Statistiques générales
  • Ce quiz a été pris 191 fois
  • Le résultat moyen est 2 sur 16
Answers on the Grid
Answers color-coded by a green-red scale on the quiz's grid according to % correct below.
Iris
Cerisier
Chypre
Soie
Acier
Granite
Muguet
Palissandre
Farine
Basalte
Air
Psilocybe
Eau
Noisette
Turquoise
Astrakan
Zinc
Cuivre
Bière
Coton
Erbium
Flanelle
Amethyste
Cornaline
 
Statistiques - réponses
Réponse % Correct
Iris
46%
Zinc
24%
Cuivre
23%
Soie
23%
Chypre
20%
Coton
17%
Muguet
14%
Amethyste
12%
Turquoise
12%
Granite
10%
Psilocybe
9%
Cornaline
8%
Eau
8%
Flanelle
8%
Astrakan
5%
Palissandre
4%
Aucun quiz correspondant
Distribution des résultats
% des personnes avec chaque résultat
Percentile par nombre de réponses
Votre historique - résultats
Vous n’avez pas pris ce quiz